ARRUPE JESUIT UNIVERSITY

CORONAVIRUS -STOP THE SPREAD - CLEAN,DISINFECT,COVER
Normal view MARC view

Entry Topical Term

Number of records used in: 2

001 - CONTROL NUMBER

  • control field: 27862

003 - CONTROL NUMBER IDENTIFIER

  • control field: ARRUPE

005 - DATE AND TIME OF LATEST TRANSACTION

  • control field: 20161202094357.0

008 - FIXED-LENGTH DATA ELEMENTS

  • fixed length control field: 161202|| aca||aabn | a|a d

040 ## - CATALOGING SOURCE

  • Original cataloging agency: ARRUPE
  • Transcribing agency: ARRUPE

150 ## - HEADING--TOPICAL TERM

  • Topical term or geographic name as entry element: Christian pilgrims and pilgrimages
  • Form subdivision: Poetry.

670 ## - SOURCE DATA FOUND

  • Source citation: Work cat.: (ARRUPE)0: Chaucer, Geoffrey, -1400. 20532, The franklin's prologue and tale,, 1966.

 

Arrupe Library. PO Box MP320 Mt Pleasant, Harare, Zimbabwe
263 242 745411|librarian@aju.ac.zw